000 00846nam a22002297a 4500
005 20260423115942.0
008 260423b |||||||| |||| 00| 0 eng d
020 _a978992252891 (hbk)
037 _cTB
040 _aCRL
_cCRL
041 _2hin
_ahin
084 _aU8 152R4
_qCRL
100 _aशेर, परवीन
_91235489
245 _aचंद सीपियां समन्दरों से
260 _aबीकानेर, भारत:
_bसूर्य प्रकाशन मन्दिर,
_c2024.
300 _a253पृ.
365 _b500.00
_cINR
650 _aभूगोल
650 _aसमुद्र
_91235490
942 _2CC
_cTB
_hU8 152R4
_n0
999 _c1848408
_d1848408